00374nam a2200145Ia 4500003000400000008004100004040001600045082001300061100001300074245004700087260004100134300001000175650002400185650001900209GCL140319s9999 xx 000 0 eng d aGCL / cGCL04a748bH F1 aHEINZ, T10aFRANK LLOYD WRIGHT: CLASS ART / cHEINZ, T a[S.N] : bACADEMY EDITIONS ، c1994 a264 P04aWRIGHT, FRANK LIOYD04aART, CLASSICAL